Former national capitals - sudden death - Statistics

General Stats
  • This quiz has been taken 138 times
  • The average score is 7 of 20
Answers on the Grid
Answers color-coded by a green-red scale on the quiz's grid according to % correct below.
Abidjan
Abuja
Almaty
Auckland
Belmopan
Bonn
Bujumbura
Calgary
Dar es Salaam
East Berlin
Houston
Johannesburg
Karachi
Kyoto
Lagos
Lahore
Mecca
Melbourne
Montreal
Mumbai
Nairobi
Philadelphia
Quezon City
Rio de Janeiro
Saigon
St. Petersburg
Sydney
Toronto
West Berlin
Yangon
 
Answer Stats
Answer % Correct
Bonn
68%
East Berlin
56%
Almaty
54%
Abidjan
51%
Dar es Salaam
46%
Philadelphia
46%
Kyoto
44%
Lagos
44%
Rio de Janeiro
44%
Bujumbura
42%
St. Petersburg
40%
Auckland
35%
Saigon
35%
Karachi
29%
Yangon
28%
Houston
14%
Quezon City
13%
Montreal
11%
Toronto
10%
Melbourne
7%
No matching quizzes found
Score Distribution
Percent of People with Each Score
Percentile by Number Answered
Your Score History
You have not taken this quiz